000 00941nas a2200301 4500
001 BR2018002665
003 BR-BrBNA
005 20231205131515.0
007 ta
008 230509b bl.|||p| |||| 00| 00por d
040 _aBR-BrBNA
_bpor
_cBiblioteca Nacional de Agricultura
041 _a(Pt)
072 _aF30
100 1 _aMorais, M.B. de
100 1 _aCamara, T.R.
100 1 _aUlisses, C.
100 1 _aCarvalho FIlho, J.L.S.
100 1 _aWilladino, L.
245 1 _aMultiple stresses on the oxidative metabolism of sugarcane varieties
650 _aCANA DE AÇÚCAR
650 _aCOMPORTAMENTO DE VARIEDADE
650 _aGENÓTIPO
650 _aCONDIÇÃO AMBIENTAL
773 0 _tCiência Rural (Brazil)
_xISSN 1678-4596
_g(2018), v. 48(4) p. 1-8
_wBR2018002665
856 4 0 _uhttp://www.scielo.br/pdf/cr/v48n4/1678-4596-cr-48-04-e20141487.pdf
909 _a202311
_bLúcia
_c55
_dLúcia Elande
942 _2AGRIS
_n0
_cANA
999 _c255187
_d255187